La emergencia india contra el neoliberalismo /

Explioraremos la relación que existe entre la emergencia indígena que se havivido enAmérica Latina en las dos últimas décadas del siglo XX y lo que va del siglo XXI, los procesos de globalización neoliberal que le han dado un marco económico, legal y político, nacional e internacional relativamente...

Full description

Bibliographic Details
Main Author: Escárzaga, Fabiola
Format: Analitica de revista
Language:English
Published: Santiago, Chile Arcis 2007
Online Access:

MARC

LEADER 00000cab a2200000 a 4500
001 024619
003 UAHC_CL
005 20170817145009.0
008 120306b2006 xx j 000 1 eng
952 |0 0  |1 0  |4 0  |6 AMERICA_LATINA07_07_000000000000000  |7 0  |8 General  |9 49191  |a BC  |b BC  |c General  |d 2017-08-03  |l 0  |o AMERICA LATINA-07/07  |p FICTICIO231  |r 2019-01-08 00:00:00  |t 1  |w 2017-08-03  |y REVA 
999 |c 24619  |d 24619 
022 |a 07177097 
040 |a UAHC_CL  |c UAHC_CL  |d UAHC_CL 
100 1 |a Escárzaga, Fabiola 
245 1 3 |a La emergencia india contra el neoliberalismo /  |c Fabiola Escárzaga. 
260 |b Arcis  |a Santiago, Chile  |c 2007 
300 |a p. 15-41 
500 |a En: América Latina, n˚7, 2007. ISBN 07177097. p. 15-41. 
520 |a Explioraremos la relación que existe entre la emergencia indígena que se havivido enAmérica Latina en las dos últimas décadas del siglo XX y lo que va del siglo XXI, los procesos de globalización neoliberal que le han dado un marco económico, legal y político, nacional e internacional relativamente favorable a las movilizaciones indígenas, analizaremos las nuevas condiciones que ellos ofrecen a sus luchas y la manera que los distintos sujetos étnicos en los países de mayor población indígena del continente (Bolivia, Ecuador, México) están aprovechándolas, contrastando las estartegias de lucha empleadas en cada uno, o los factores que como en los casos Guatemala y Perú, han impedido que lo hagan. Mostraremos los resultados de los procesos electorales vividos en los cinco países entre fines de 2005 y 2007, como expresión de los avances y retrocesos vividos por los movimientos indígenas en cada país. 
773 0 |t América Latina : revista del doctorado en procesos sociales y políticos en América Latina  |w 024597 
900 |a AMERICA LATINA-07/07 
942 |c REVA  |2 ddc